[Event "II Festival A"]
[Site "Fano ITA"]
[Date "2013.08.02"]
[Round "6"]
[White "Villani, Cristian"]
[Black "Rezzuti, Vincenzo"]
[WhiteElo "2063"]
[BlackElo "1930"]
[Result "0-1"]
[PlyCount "66"]
[EventDate "2013.07.29"]

1. Nf3 d5 2. d4 Nf6 3. c4 dxc4 4. e3 e6 5. Bxc4 a6 6. O-O b5 7. Bb3 c5 8. Qe2
c4 9. Bc2 Bb7 10. e4 Be7 11. Bg5 Nbd7 12. Nbd2 O-O 13. Rad1 h6 14. Bh4 Nh5 15.
Bg3 Nxg3 16. fxg3 Rc8 17. e5 Nb6 18. Ne4 Nd5 19. Nc5 Bxc5 20. dxc5 Qc7 21. Qe4
Nf6 22. Qh4 Qxc5+ 23. Kh1 Bxf3 24. Rxf3 Qxe5 25. Rdf1 Nd5 26. g4 Ne3 27. Re1
Qxb2 28. Rfxe3 Qxc2 29. g5 Qg6 30. gxh6 Qxh6 31. Qe4 f5 32. Qb7 Rcd8 33. Qxa6
Qxe3 0-1

[Event "II Festival A"]
[Site "Fano ITA"]
[Date "2013.08.02"]
[Round "6"]
[White "Zakharov, Aleksej"]
[Black "Brancaleoni, Maurizio"]
[WhiteElo "2331"]
[BlackElo "2248"]
[Result "1-0"]
[PlyCount "65"]
[EventDate "2013.07.29"]

1. e4 e5 2. Nf3 Nc6 3. Bb5 a6 4. Ba4 Nf6 5. Qe2 Be7 6. c3 b5 7. Bb3 d5 8. d3
O-O 9. O-O Bb7 10. Rd1 d4 11. Nbd2 Bc5 12. Nf1 a5 13. Bg5 h6 14. Bh4 g5 15. Bg3
a4 16. Bc2 Re8 17. Rac1 Nh5 18. Bb1 Nf4 19. Qd2 a3 20. cxd4 Bxd4 21. bxa3 Rxa3
22. Ne3 b4 23. Bxf4 exf4 24. Nd5 Bg7 25. Nxb4 Ne5 26. Nxe5 Bxe5 27. d4 Bd6 28.
f3 Qe7 29. Nc6 Bxc6 30. Rxc6 Bb4 31. Qc2 f6 32. e5 fxe5 33. Rxc7 1-0

[Event "II Festival A"]
[Site "Fano ITA"]
[Date "2013.08.02"]
[Round "7"]
[White "Ambartsumova, Karina"]
[Black "Caprio, Guido"]
[WhiteElo "2306"]
[BlackElo "2415"]
[Result "1-0"]
[PlyCount "35"]
[EventDate "2013.07.29"]

1. e4 e5 2. Nf3 Nc6 3. d4 exd4 4. Nxd4 Nf6 5. Nxc6 bxc6 6. Nc3 d6 7. Bd3 g6 8.
O-O Bg7 9. Bg5 O-O 10. Qd2 Rb8 11. b3 Re8 12. Rae1 Bd7 13. Kh1 Qe7 14. Na4 c5
15. Nxc5 Bc6 16. Na6 Rb6 17. Nb4 Bxe4 18. Bxf6 1-0

[Event "II Festival A"]
[Site "Fano ITA"]
[Date "2013.08.02"]
[Round "7"]
[White "Bonafede, Alessandro"]
[Black "Angelini, Marco"]
[WhiteElo "2380"]
[BlackElo "2265"]
[Result "1-0"]
[PlyCount "109"]
[EventDate "2013.07.29"]

1. e4 c5 2. b4 cxb4 3. a3 bxa3 4. Nxa3 d6 5. d4 Nf6 6. Bd3 Nc6 7. c3 e6 8. Ne2
Be7 9. O-O O-O 10. f4 d5 11. e5 Ne4 12. Bxe4 dxe4 13. Ng3 Qd5 14. Nc2 b5 15.
Ne3 Qd8 16. f5 Kh8 17. f6 gxf6 18. exf6 Bxf6 19. Nxe4 Bg7 20. Qh5 f5 21. Ng5 h6
22. Nf7+ Rxf7 23. Qxf7 Qe7 24. Qxe7 Nxe7 25. Ba3 Ng6 26. Bc5 a6 27. g3 Bb7 28.
Nc2 h5 29. Rfe1 Be4 30. Ra2 a5 31. Rea1 Bh6 32. Ne1 a4 33. Rb2 Bc6 34. Nc2 Bd2
35. Bb4 h4 36. c4 Bxb4 37. Nxb4 Be4 38. cxb5 Kg7 39. Na6 hxg3 40. hxg3 f4 41.
Nc7 Rg8 42. b6 fxg3 43. b7 Rh8 44. Ne8+ Kf8 45. Rf1+ Ke7 46. Rf7+ Kxf7 47. Nd6+
Ke7 48. Nxe4 Rb8 49. Nc5 a3 50. Ra2 Nf4 51. Rxa3 Ne2+ 52. Kg2 Nxd4 53. Ra6 Nb3
54. Ra8 Nxc5 55. Rxb8 1-0

[Event "II Festival A"]
[Site "Fano ITA"]
[Date "2013.08.02"]
[Round "7"]
[White "Brancaleoni, Maurizio"]
[Black "Tonel, Giulia"]
[WhiteElo "2248"]
[BlackElo "1973"]
[Result "1/2-1/2"]
[PlyCount "35"]
[EventDate "2013.07.29"]

1. d4 Nf6 2. c4 g6 3. Nc3 Bg7 4. e4 d6 5. Be2 O-O 6. Be3 e5 7. d5 Nbd7 8. Nf3
a5 9. Nd2 Nc5 10. a3 Ne8 11. b4 axb4 12. axb4 Rxa1 13. Qxa1 Na6 14. Qa3 f5 15.
O-O f4 16. Ba7 g5 17. b5 Nc5 18. Bxc5 1/2-1/2

[Event "II Festival A"]
[Site "Fano ITA"]
[Date "2013.08.02"]
[Round "7"]
[White "Costantini, Roberto"]
[Black "Burmakin, Vladimir"]
[WhiteElo "2290"]
[BlackElo "2559"]
[Result "0-1"]
[PlyCount "130"]
[EventDate "2013.07.29"]

1. e4 c6 2. d4 d5 3. Nc3 h6 4. Nf3 dxe4 5. Nxe4 Bf5 6. Bd3 e6 7. O-O Nf6 8. Qe2
Nxe4 9. Bxe4 Bxe4 10. Qxe4 Nd7 11. b3 Nf6 12. Qe2 Be7 13. Bb2 O-O 14. Rfe1 Re8
15. Ne5 Qc7 16. Qf3 Rad8 17. Nd3 Bd6 18. g3 Qa5 19. a3 Qd5 20. Kg2 Re7 21. Re2
Bc7 22. Ne5 Nd7 23. Ree1 Nxe5 24. dxe5 Red7 25. Bc3 Qxf3+ 26. Kxf3 Rd5 27. Re2
Ba5 28. Bxa5 Rxa5 29. Ke4 Rad5 30. a4 c5 31. a5 Rd4+ 32. Ke3 Kf8 33. f4 Ke7 34.
Ree1 R8d7 35. Ra4 R4d5 36. Rc4 Kd8 37. Re2 Kc7 38. Re1 Kc6 39. b4 Kb5 40. Rxc5+
Rxc5 41. bxc5 Kxc5 42. Rb1 Kc6 43. Rb3 Rd5 44. Ra3 Rc5 45. Kd3 Kb5 46. Kd2 h5
47. Rd3 Rc7 48. c4+ Kxa5 49. Rb3 b6 50. Kc3 Ka6 51. Kb4 Rd7 52. c5 Kb7 53. cxb6
axb6 54. Kc4 Rd2 55. h3 h4 56. f5 exf5 57. Rf3 g6 58. gxh4 Kc6 59. h5 b5+ 60.
Kb4 Rd4+ 61. Kb3 Kd5 62. hxg6 fxg6 63. Rg3 Kxe5 64. Rxg6 f4 65. Rg5+ Ke4 0-1

[Event "II Festival A"]
[Site "Fano ITA"]
[Date "2013.08.02"]
[Round "7"]
[White "Csonkics, Tunde"]
[Black "Klimentov, Roman"]
[WhiteElo "2205"]
[BlackElo "2219"]
[Result "1/2-1/2"]
[PlyCount "58"]
[EventDate "2013.07.29"]

1. d4 Nf6 2. Nf3 g6 3. c4 Bg7 4. Nc3 O-O 5. e4 d6 6. Be2 Bg4 7. Ng1 Bxe2 8.
Ngxe2 c5 9. d5 Na6 10. O-O Nc7 11. Bg5 a6 12. a4 b6 13. Ng3 Rb8 14. Qe2 h6 15.
Bd2 e6 16. dxe6 Nxe6 17. Qd3 Nd4 18. Nge2 Re8 19. Nxd4 cxd4 20. Qxd4 Nxe4 21.
Qd3 Nxd2 22. Qxd2 Qh4 23. b3 b5 24. axb5 axb5 25. cxb5 Qb4 26. Rac1 Rbc8 27.
Nb1 Qxb5 28. Qxd6 Rxc1 29. Rxc1 Qxb3 1/2-1/2

[Event "II Festival A"]
[Site "Fano ITA"]
[Date "2013.08.02"]
[Round "7"]
[White "Der Manuelian, Haik O."]
[Black "Petrone, Gianmario"]
[WhiteElo "2007"]
[BlackElo "1993"]
[Result "1/2-1/2"]
[PlyCount "199"]
[EventDate "2013.07.29"]

1. e4 c5 2. Nf3 d6 3. d4 cxd4 4. Nxd4 Nf6 5. Nc3 a6 6. Be3 Ng4 7. Bg5 h6 8. Bh4
g5 9. Bg3 Bg7 10. Be2 h5 11. Bxg4 Bxg4 12. f3 Bd7 13. Qd2 g4 14. f4 Nc6 15. Bf2
Qa5 16. O-O-O b5 17. Kb1 Qb4 18. a3 Qa5 19. Nxc6 Bxc6 20. Bd4 Bxd4 21. Qxd4
O-O-O 22. Nd5 e6 23. Ne7+ Kb7 24. Rd3 Qb6 25. Nxc6 Qxc6 26. Rc3 Qd7 27. Rd1 d5
28. Rc5 Rc8 29. exd5 Rxc5 30. Qxc5 Rc8 31. Qd4 Rc4 32. Qe5 exd5 33. Qxh5 Rxf4
34. Qg5 Re4 35. h4 gxh3 36. gxh3 Qe6 37. Rxd5 Re1+ 38. Ka2 Kc6 39. c4 bxc4 40.
Rc5+ Kd6 41. Qf5 Qxf5 42. Rxf5 Rh1 43. Rxf7 Rxh3 44. Rf6+ Kc5 45. Rxa6 Rg3 46.
Ra8 Rh3 47. Rc8+ Kb5 48. Rd8 Kc5 49. Kb1 Rg3 50. Kc2 Rh3 51. Re8 Rg3 52. Rh8
Rg2+ 53. Kb1 Rg3 54. Rh5+ Kc6 55. Ka2 Rb3 56. a4 Rb4 57. a5 Rb5 58. Rh6+ Kb7
59. a6+ Ka7 60. Rc6 Ra5+ 61. Kb1 Rxa6 62. Rxc4 Rh6 63. Rb4 Rb6 64. Rc4 Kb7 65.
Ka2 Rh6 66. Ka3 Kb6 67. Kb4 Rg6 68. Re4 Rh6 69. Kc4 Rg6 70. Kd5 Kb5 71. Re8
Rg5+ 72. Kd4 Rg4+ 73. Kc3 Rg3+ 74. Kc2 Rg2+ 75. Kb3 Rg3+ 76. Ka2 Kb4 77. Rb8+
Kc5 78. b3 Rg7 79. Ra8 Kb4 80. Ra4+ Kb5 81. Ka3 Rh7 82. Ra8 Rb7 83. Ra4 Rh7 84.
Ra8 Rb7 85. b4 Rh7 86. Rb8+ Kc4 87. Rc8+ Kb5 88. Rc5+ Kb6 89. Ka4 Ra7+ 90. Kb3
Ra1 91. Kb2 Ra4 92. Kc3 Ra1 93. Kd4 Rd1+ 94. Kc4 Rc1+ 95. Kd5 Rd1+ 96. Ke4 Rb1
97. Rc4 Kb5 98. Rc8 Rxb4+ 99. Kd5 Rh4 100. Rb8+ 1/2-1/2

[Event "II Festival A"]
[Site "Fano ITA"]
[Date "2013.08.02"]
[Round "7"]
[White "Drazic, Sinisa"]
[Black "Persson, Andreas"]
[WhiteElo "2464"]
[BlackElo "2167"]
[Result "1-0"]
[PlyCount "133"]
[EventDate "2013.07.29"]

1. d4 Nf6 2. Bg5 Ne4 3. Bf4 d5 4. f3 Nf6 5. Nc3 e6 6. e4 c5 7. Nb5 Na6 8. e5
Nd7 9. c3 Nab8 10. c4 dxc4 11. d5 Qa5+ 12. Nc3 exd5 13. Qxd5 Nb6 14. Qe4 Nc6
15. Bxc4 Nxc4 16. Qxc4 Nd4 17. Kf2 Be6 18. Qf1 Qb4 19. Qc1 Be7 20. Nge2 O-O 21.
Ng3 Nf5 22. Nxf5 Bxf5 23. Rd1 c4 24. Nd5 Bc5+ 25. Kg3 Qb5 26. h4 Rad8 27. Bg5
Rxd5 28. Rxd5 Bf2+ 29. Kxf2 Qxd5 30. Qc3 Re8 31. Re1 h6 32. Bf4 b5 33. g4 Bd3
34. Kg3 Qc5 35. a3 Rd8 36. h5 Qb6 37. Qb4 Qd4 38. Qe7 Qd7 39. Qc5 Bc2 40. Qf2
Bh7 41. Be3 a6 42. Bb6 Rb8 43. Ba5 Re8 44. Qc5 Bd3 45. Qd6 Qc8 46. Bc3 Re6 47.
Qd5 Re8 48. Qd4 Rd8 49. Qb6 Re8 50. f4 Bc2 51. Qf2 Bd3 52. f5 Qc6 53. Qd4 Qc7
54. Qd6 Qc8 55. e6 fxe6 56. Rxe6 Qb8 57. Qxb8 Rxb8 58. Re7 a5 59. Rxg7+ Kf8 60.
Rh7 Rb6 61. Bxa5 Rc6 62. Bd2 Kg8 63. Rxh6 Rxh6 64. Bxh6 Kf7 65. Bd2 Bc2 66. h6
Kf6 67. Bc3+ 1-0

[Event "II Festival A"]
[Site "Fano ITA"]
[Date "2013.08.02"]
[Round "7"]
[White "Gambardella, Piero"]
[Black "Fathi, Hassan"]
[WhiteElo "1992"]
[BlackElo "1921"]
[Result "0-1"]
[PlyCount "46"]
[EventDate "2013.07.29"]

1. Nf3 d5 2. g3 Nf6 3. Bg2 Nbd7 4. d4 e6 5. O-O c5 6. c4 b6 7. cxd5 exd5 8. Nc3
Bb7 9. Qa4 Be7 10. dxc5 bxc5 11. Ne5 O-O 12. Nxd7 Nxd7 13. Rd1 Nb6 14. Qc2 Qd7
15. e4 d4 16. a4 Rad8 17. a5 d3 18. axb6 dxc2 19. Rxd7 Rxd7 20. Nd5 Bxd5 21.
exd5 axb6 22. Bf4 Bf6 23. d6 Bxb2 0-1

[Event "II Festival A"]
[Site "Fano ITA"]
[Date "2013.08.02"]
[Round "7"]
[White "Gamberini, Davide"]
[Black "Villani, Cristian"]
[WhiteElo "1901"]
[BlackElo "2063"]
[Result "1-0"]
[PlyCount "82"]
[EventDate "2013.07.29"]

1. e4 e6 2. d4 d5 3. Nc3 Nf6 4. e5 Nfd7 5. Nf3 c5 6. Bb5 Nc6 7. Bxc6 bxc6 8.
Ne2 Qb6 9. O-O cxd4 10. Nexd4 Be7 11. Re1 c5 12. Nb3 O-O 13. c3 a5 14. Nbd2 f6
15. c4 fxe5 16. cxd5 exd5 17. Nxe5 Nxe5 18. Rxe5 Qd6 19. Nf3 d4 20. Qe2 Ba6 21.
Qe4 Bf6 22. Ng5 g6 23. Re6 Qd8 24. Qc6 Bc4 25. Rd6 Qe7 26. Nf3 Rfc8 27. Qd7
Qxd7 28. Rxd7 Re8 29. Bf4 Bb5 30. Rb7 Ba6 31. Rb6 Bg7 32. h4 Re4 33. g3 Be2 34.
Ng5 d3 35. Nxe4 c4 36. Rb1 Re8 37. Rb8 Rxb8 38. Bxb8 Bf3 39. Nd2 Bxb2 40. Nxf3
c3 41. Rxb2 c2 1-0

[Event "II Festival A"]
[Site "Fano ITA"]
[Date "2013.08.02"]
[Round "7"]
[White "Gromovs, Sergejs"]
[Black "Di Primio, Eugenia"]
[WhiteElo "2202"]
[BlackElo "1943"]
[Result "0-1"]
[PlyCount "42"]
[EventDate "2013.07.29"]

1. d4 f5 2. f3 d5 3. e4 e6 4. e5 c5 5. f4 Nc6 6. Nf3 Nh6 7. Be2 Qb6 8. O-O cxd4
9. Kh1 Ng4 10. Ng5 Ne3 11. Bxe3 dxe3 12. Nc3 Be7 13. g4 Bxg5 14. gxf5 Bh6 15.
Bh5+ g6 16. fxg6 hxg6 17. Bxg6+ Ke7 18. f5 Nxe5 19. Qh5 Qd4 20. f6+ Kd8 21.
Rae1 Nxg6 0-1

[Event "II Festival A"]
[Site "Fano ITA"]
[Date "2013.08.02"]
[Round "7"]
[White "Klimentov, Evgeny"]
[Black "Bonagura, Stefano"]
[WhiteElo "2006"]
[BlackElo "2165"]
[Result "0-1"]
[PlyCount "92"]
[EventDate "2013.07.29"]

1. e4 c6 2. c4 d5 3. exd5 cxd5 4. cxd5 Qxd5 5. Nc3 Qd8 6. Nf3 Nf6 7. Bb5+ Bd7
8. d4 Bxb5 9. Nxb5 Qa5+ 10. Nc3 Nc6 11. O-O e6 12. Bf4 Be7 13. a3 O-O 14. Qb3
b6 15. Rac1 Qf5 16. Bg3 Na5 17. Qa4 Rfd8 18. Ne5 Ng4 19. h3 Nxe5 20. dxe5 Nb7
21. b4 Bg5 22. Rcd1 Rdc8 23. Nb5 Qc2 24. Qxc2 Rxc2 25. Rd7 Nd8 26. Nxa7 Nc6 27.
Nxc6 Rxc6 28. Rfd1 h5 29. h4 Bh6 30. Rd8+ Rxd8 31. Rxd8+ Kh7 32. Rd6 Rc3 33.
Rxb6 Rxg3 34. a4 Ra3 35. a5 Ra1+ 36. Kh2 Bf4+ 37. g3 Bxe5 38. a6 Bd4 39. Rc6
Rb1 40. Rc4 Bxf2 41. Kg2 Bb6 42. Kf3 f5 43. Ke2 e5 44. Kd2 e4 45. Kc2 Ra1 46.
b5 e3 0-1

[Event "II Festival A"]
[Site "Fano ITA"]
[Date "2013.08.02"]
[Round "7"]
[White "Lantini, Marco"]
[Black "Rizzardi, Franco"]
[WhiteElo "2119"]
[BlackElo "2027"]
[Result "1-0"]
[PlyCount "97"]
[EventDate "2013.07.29"]

1. d4 d5 2. c4 c6 3. Nf3 Nf6 4. e3 Bf5 5. Nc3 e6 6. Nh4 Bg4 7. Qb3 Qb6 8. h3
Bh5 9. Bd2 Be7 10. g4 Bg6 11. Nxg6 hxg6 12. f3 Nbd7 13. Kf2 dxc4 14. Bxc4 Nd5
15. Nxd5 Bh4+ 16. Kg2 exd5 17. Qxb6 axb6 18. Bb3 Bf6 19. a4 O-O 20. h4 Rfe8 21.
Kh3 Nf8 22. g5 Be7 23. Kg4 Ne6 24. Bc2 c5 25. Bc3 cxd4 26. exd4 Rac8 27. Bd3
Bd6 28. Bb5 Red8 29. a5 bxa5 30. Rxa5 Bc7 31. Ra7 Rb8 32. h5 gxh5+ 33. Rxh5 g6
34. Rh1 Bb6 35. Ra4 Ra8 36. Rha1 Rxa4 37. Rxa4 Kg7 38. f4 f5+ 39. gxf6+ Kxf6
40. Be2 Rh8 41. Bf3 Rh5 42. Kg3 Rf5 43. Bg4 Rxf4 44. Bxe6 Bc7 45. Bh3 g5 46.
Bc8 b5 47. Ra8 Ke7 48. Kg2 Kd8 49. Be6+ 1-0

[Event "II Festival A"]
[Site "Fano ITA"]
[Date "2013.08.02"]
[Round "7"]
[White "Lavorgna, Giovanni"]
[Black "Cardarelli, Angelo"]
[WhiteElo "2060"]
[BlackElo "1980"]
[Result "0-1"]
[PlyCount "40"]
[EventDate "2013.07.29"]

1. e4 e6 2. d4 d5 3. Nc3 Nf6 4. e5 Nfd7 5. f4 c5 6. Nf3 Nc6 7. Be3 Be7 8. Qd2
a6 9. O-O-O b5 10. dxc5 Nxc5 11. a3 Rb8 12. Nd4 Nxd4 13. Bxd4 b4 14. axb4 Rxb4
15. Ne2 Ne4 16. Qe1 Qc7 17. Nc3 Nc5 18. Kb1 Qb8 19. Na2 Rxb2+ 20. Ka1 Rxc2 0-1

[Event "II Festival A"]
[Site "Fano ITA"]
[Date "2013.08.02"]
[Round "7"]
[White "Panella, Fiammetta"]
[Black "Difronzo, Andrea"]
[WhiteElo "2050"]
[BlackElo "1943"]
[Result "1/2-1/2"]
[PlyCount "45"]
[EventDate "2013.07.29"]

1. e4 c5 2. Nf3 g6 3. c3 Bg7 4. d4 cxd4 5. cxd4 d5 6. e5 Nc6 7. Nc3 Bg4 8. Be2
Bxf3 9. Bxf3 e6 10. O-O Nge7 11. Bg5 O-O 12. Qd2 Qd7 13. Ne2 Rac8 14. Rac1 a6
15. Ng3 Na7 16. h4 Rc6 17. h5 Rfc8 18. Bf6 Rxc1 19. Rxc1 Rxc1+ 20. Qxc1 Nec6
21. Bxg7 Kxg7 22. Qf4 Qe7 23. Ne2 1/2-1/2

[Event "II Festival A"]
[Site "Fano ITA"]
[Date "2013.08.02"]
[Round "7"]
[White "Prohaszka, Peter"]
[Black "Rombaldoni, Axel"]
[WhiteElo "2554"]
[BlackElo "2494"]
[Result "1/2-1/2"]
[PlyCount "25"]
[EventDate "2013.07.29"]

1. c4 c6 2. d4 d5 3. Nc3 Nf6 4. Nf3 dxc4 5. a4 Bf5 6. Ne5 e6 7. f3 c5 8. e4 Bg6
9. Be3 cxd4 10. Qxd4 Qxd4 11. Bxd4 Nbd7 12. Nxd7 Nxd7 13. Bxc4 1/2-1/2

[Event "II Festival A"]
[Site "Fano ITA"]
[Date "2013.08.02"]
[Round "7"]
[White "Rezzuti, Vincenzo"]
[Black "Chierici, Marianna"]
[WhiteElo "1930"]
[BlackElo "2076"]
[Result "1-0"]
[PlyCount "57"]
[EventDate "2013.07.29"]

1. e4 Nf6 2. e5 Nd5 3. c4 Nb6 4. c5 Nd5 5. Bc4 c6 6. Qb3 e6 7. d4 b6 8. cxb6
axb6 9. Nf3 Ba6 10. O-O Be7 11. Nc3 O-O 12. Ne4 Qc7 13. Bd2 f6 14. Rfe1 f5 15.
Nc3 Qd8 16. Bxd5 cxd5 17. Nxd5 exd5 18. Qxd5+ Kh8 19. Qxa8 g5 20. Bc3 b5 21. a3
Qb6 22. Qd5 g4 23. Nd2 Bb7 24. Qb3 Qc6 25. d5 Qxd5 26. Qxd5 Bxd5 27. e6+ Kg8
28. exd7 Bc5 29. Re5 1-0

[Event "II Festival A"]
[Site "Fano ITA"]
[Date "2013.08.02"]
[Round "7"]
[White "Rindlisbacher, Lars"]
[Black "Rossi, Aldo A."]
[WhiteElo "2315"]
[BlackElo "2260"]
[Result "1-0"]
[PlyCount "55"]
[EventDate "2013.07.29"]

1. d4 d6 2. e4 Nf6 3. Nc3 e5 4. Nf3 Nbd7 5. Bc4 Be7 6. O-O O-O 7. h3 c6 8. a4
a5 9. Be3 h6 10. Qd2 Nxe4 11. Nxe4 d5 12. Ng3 dxc4 13. dxe5 Nc5 14. Qe2 b5 15.
Nd4 Qe8 16. Ndf5 Bxf5 17. Nxf5 Ne6 18. Qg4 Kh8 19. f4 Rg8 20. Nxe7 Qxe7 21. f5
Ng5 22. f6 gxf6 23. Rxf6 Rg6 24. Rxg6 fxg6 25. Rf1 Rg8 26. Rf6 Nh7 27. Rxc6 Qb4
28. Bd4 1-0

[Event "II Festival A"]
[Site "Fano ITA"]
[Date "2013.08.02"]
[Round "7"]
[White "Simonetto, Adriano"]
[Black "Rebeggiani, Andrea"]
[WhiteElo "2026"]
[BlackElo "1910"]
[Result "1/2-1/2"]
[PlyCount "42"]
[EventDate "2013.07.29"]

1. d4 g6 2. e4 c6 3. Bd3 Bg7 4. c3 d5 5. e5 Nh6 6. Nf3 O-O 7. Bf4 f6 8. exf6
exf6 9. O-O Be6 10. Re1 Qd7 11. h4 Bf5 12. Bxh6 Bxh6 13. Bxf5 Qxf5 14. Re7 Qc8
15. Qe2 Na6 16. Nbd2 Re8 17. Re1 Nc7 18. h5 Bf8 19. Rxe8 Qxe8 20. Qd3 Qf7 21.
hxg6 hxg6 1/2-1/2

[Event "II Festival A"]
[Site "Fano ITA"]
[Date "2013.08.02"]
[Round "7"]
[White "Solodovnichenko, Yuri"]
[Black "Banusz, Tamas"]
[WhiteElo "2555"]
[BlackElo "2588"]
[Result "1/2-1/2"]
[PlyCount "62"]
[EventDate "2013.07.29"]

1. e4 e5 2. Nf3 Nc6 3. Bb5 a6 4. Ba4 Nf6 5. O-O Be7 6. Re1 b5 7. Bb3 d6 8. c3
O-O 9. h3 Na5 10. Bc2 c5 11. d4 Nd7 12. Nbd2 cxd4 13. cxd4 Nc6 14. Nb3 a5 15.
Bd3 Ba6 16. d5 Nb4 17. Bf1 a4 18. Nbd4 exd4 19. a3 Nxd5 20. exd5 d3 21. Nd4 Bf6
22. Nc6 Qc7 23. Bxd3 Nc5 24. Bf4 Rfe8 25. Rxe8+ Rxe8 26. Nb4 Qd7 27. Be2 Nb3
28. Rb1 Bc8 29. Be3 Qb7 30. Qd3 Bd7 31. Bg4 Na5 1/2-1/2

[Event "II Festival A"]
[Site "Fano ITA"]
[Date "2013.08.02"]
[Round "7"]
[White "Stella, Andrea"]
[Black "Ivanisevic, Ivan"]
[WhiteElo "2447"]
[BlackElo "2649"]
[Result "1/2-1/2"]
[PlyCount "44"]
[EventDate "2013.07.29"]

1. Nf3 d6 2. d4 Nf6 3. g3 g6 4. Bg2 Bg7 5. O-O O-O 6. c4 c6 7. Nc3 Qa5 8. e4 e5
9. h3 Nbd7 10. Qe2 Re8 11. Be3 Nb6 12. Rac1 Na4 13. Nxa4 Qxa4 14. b3 Qa5 15.
Qc2 exd4 16. Nxd4 Qe5 17. Rfe1 Bd7 18. Rcd1 Qe7 19. Bf4 Nh5 20. Be3 Nf6 21. Bf4
Nh5 22. Be3 Nf6 1/2-1/2

[Event "II Festival A"]
[Site "Fano ITA"]
[Date "2013.08.02"]
[Round "7"]
[White "Zakharov, Aleksej"]
[Black "Shytaj, Luca"]
[WhiteElo "2331"]
[BlackElo "2456"]
[Result "1/2-1/2"]
[PlyCount "21"]
[EventDate "2013.07.29"]

1. e4 c5 2. Nf3 d6 3. c3 Nf6 4. h3 Nbd7 5. Bd3 b6 6. O-O Bb7 7. Re1 e5 8. Bc2
Be7 9. d4 cxd4 10. cxd4 O-O 11. Nc3 1/2-1/2

[Event "II Festival A"]
[Site "Fano ITA"]
[Date "2013.08.03"]
[Round "8"]
[White "Ambartsumova, Karina"]
[Black "Stella, Andrea"]
[WhiteElo "2306"]
[BlackElo "2447"]
[Result "1/2-1/2"]
[PlyCount "50"]
[EventDate "2013.07.29"]

1. e4 e6 2. d4 d5 3. Nc3 Nf6 4. e5 Nfd7 5. f4 c5 6. Nf3 Nc6 7. Be3 cxd4 8. Nxd4
Bc5 9. Qd2 O-O 10. O-O-O a6 11. Kb1 Nxd4 12. Bxd4 b5 13. h4 b4 14. Ne2 a5 15.
Qe3 Qb6 16. h5 Ba6 17. g4 Rfc8 18. f5 Bxe2 19. Bxe2 Bxd4 20. Rxd4 Qc7 21. Bd3
Qxe5 22. Qf2 Nc5 23. h6 g6 24. Re1 Qd6 25. fxg6 fxg6 1/2-1/2

[Event "II Festival A"]
[Site "Fano ITA"]
[Date "2013.08.03"]
[Round "8"]
[White "Angelini, Marco"]
[Black "Simonetto, Adriano"]
[WhiteElo "2265"]
[BlackElo "2026"]
[Result "1-0"]
[PlyCount "93"]
[EventDate "2013.07.29"]

1. c4 e6 2. Nf3 d5 3. g3 dxc4 4. Na3 Bxa3 5. bxa3 b6 6. Qa4+ Nd7 7. Bg2 Bb7 8.
Qxc4 Ngf6 9. O-O O-O 10. a4 Re8 11. a5 Bd5 12. Qc2 b5 13. Nd4 Bxg2 14. Kxg2 c5
15. Nxb5 Qxa5 16. Nd6 Reb8 17. Nc4 Qa6 18. d3 Nb6 19. Bf4 Rd8 20. Rfc1 Nfd5 21.
Bg5 Nb4 22. Qb3 Rd7 23. Be3 Rc8 24. Nd2 Rdc7 25. Bf4 Rc6 26. Nc4 N4d5 27. Be5
Nd7 28. Bb2 Rb8 29. Qc2 Rc7 30. Be5 Nxe5 31. Nxe5 h6 32. Kg1 Rb5 33. Qc4 Qb7
34. a3 Rb2 35. Rc2 Rb1+ 36. Rxb1 Qxb1+ 37. Kg2 Nb6 38. Qc3 Na4 39. Qa5 Qxc2 40.
Qxc7 f6 41. Qf7+ Kh7 42. Qg6+ Kg8 43. Ng4 Kf8 44. Qe4 Qb3 45. Qa8+ Kf7 46.
Qxa7+ Kf8 47. Ne3 1-0

[Event "II Festival A"]
[Site "Fano ITA"]
[Date "2013.08.03"]
[Round "8"]
[White "Bonagura, Stefano"]
[Black "Csonkics, Tunde"]
[WhiteElo "2165"]
[BlackElo "2205"]
[Result "1-0"]
[PlyCount "81"]
[EventDate "2013.07.29"]

1. c4 e5 2. g3 g6 3. Bg2 Bg7 4. Nc3 d6 5. e4 Ne7 6. Nge2 O-O 7. O-O Nd7 8. d3
f5 9. Be3 Nf6 10. f3 Be6 11. b3 c5 12. Qd2 Nh5 13. Rac1 Qd7 14. Nd5 Nc6 15.
exf5 gxf5 16. f4 Nd4 17. Nec3 Nf6 18. Nxf6+ Bxf6 19. Nd5 Bxd5 20. Bxd5+ Kh8 21.
Bxd4 exd4 22. Qg2 Rae8 23. Bxb7 Re3 24. Rcd1 Qe7 25. Bf3 Re8 26. Qh3 Qe6 27.
Bd5 Qc8 28. Bf7 R8e7 29. Bg6 Re2 30. Bxf5 Qd8 31. Be4 Rxa2 32. Bf3 Qe8 33. Qf5
Qf8 34. Rfe1 Re3 35. Bd5 Qe7 36. Qc8+ Kg7 37. Qg8+ Kh6 38. Be4 Ree2 39. g4 Bh4
40. g5+ Kh5 41. Bf3# 1-0

[Event "II Festival A"]
[Site "Fano ITA"]
[Date "2013.08.03"]
[Round "8"]
[White "Burmakin, Vladimir"]
[Black "Banusz, Tamas"]
[WhiteElo "2559"]
[BlackElo "2588"]
[Result "1/2-1/2"]
[PlyCount "78"]
[EventDate "2013.07.29"]

1. Nf3 d5 2. c4 c6 3. d4 Nf6 4. Qb3 dxc4 5. Qxc4 Bg4 6. Nbd2 Nbd7 7. g3 e6 8.
Bg2 Be7 9. O-O O-O 10. Qb3 Qb6 11. Nc4 Qa6 12. e3 Rac8 13. Nce5 Bh5 14. h3 Nxe5
15. Nxe5 Rfd8 16. g4 Bg6 17. Nxg6 hxg6 18. Bd2 Qb6 19. Qxb6 axb6 20. a4 Nd5 21.
Rfd1 g5 22. Rac1 Ra8 23. b3 Bb4 24. Bxb4 Nxb4 25. Kh2 Kf8 26. Kg3 Ke7 27. h4
gxh4+ 28. Kxh4 Rh8+ 29. Kg3 g5 30. Rh1 Nd5 31. Kf3 Nc7 32. Rxh8 Rxh8 33. Bf1
Nd5 34. Kg3 Rh1 35. Kg2 Rh4 36. Be2 Nf6 37. Kg3 Ne4+ 38. Kg2 Nf6 39. Kg3 Ne4+
1/2-1/2

[Event "II Festival A"]
[Site "Fano ITA"]
[Date "2013.08.03"]
[Round "8"]
[White "Caprio, Guido"]
[Black "Der Manuelian, Haik O."]
[WhiteElo "2415"]
[BlackElo "2007"]
[Result "1-0"]
[PlyCount "33"]
[EventDate "2013.07.29"]

1. e4 c5 2. Nf3 Nc6 3. b4 Nxb4 4. c3 Nc6 5. d4 cxd4 6. cxd4 d5 7. exd5 Qxd5 8.
Nc3 Qd6 9. d5 Ne5 10. Bb5+ Bd7 11. O-O Nf6 12. Bf4 Nxf3+ 13. Qxf3 Qa3 14. d6
exd6 15. Qxb7 Rd8 16. Rfe1+ Be7 17. Rxe7+ 1-0

[Event "II Festival A"]
[Site "Fano ITA"]
[Date "2013.08.03"]
[Round "8"]
[White "Cardarelli, Angelo"]
[Black "Rezzuti, Vincenzo"]
[WhiteElo "1980"]
[BlackElo "1930"]
[Result "0-1"]
[PlyCount "68"]
[EventDate "2013.07.29"]

1. Nf3 d5 2. g3 Bg4 3. Bg2 Nd7 4. d3 Ngf6 5. Nbd2 e6 6. O-O Be7 7. Qe1 O-O 8.
h3 Bh5 9. e4 h6 10. Nh4 g5 11. g4 gxh4 12. gxh5 Nxh5 13. exd5 exd5 14. Nb3 Bd6
15. Bxh6 Nf4 16. Qd1 Qf6 17. Qg4+ Kh7 18. Bg5 Ne2+ 19. Kh1 Qg6 20. Qxh4+ Kg7
21. f4 f6 22. Qg4 fxg5 23. f5 Rxf5 24. Qxe2 Re5 25. Qd2 Rh8 26. Kg1 g4 27. hxg4
Nf6 28. Nd4 Nxg4 29. Rf3 Reh5 30. Re1 Ne5 31. Rf5 Rxf5 32. Nxf5+ Qxf5 33. Rf1
Qh5 34. Qf4 Ng4 0-1

[Event "II Festival A"]
[Site "Fano ITA"]
[Date "2013.08.03"]
[Round "8"]
[White "Chierici, Marianna"]
[Black "Gamberini, Davide"]
[WhiteElo "2076"]
[BlackElo "1901"]
[Result "1/2-1/2"]
[PlyCount "105"]
[EventDate "2013.07.29"]

1. d4 f5 2. Bg5 g6 3. Nd2 Bg7 4. e4 fxe4 5. Nxe4 Nf6 6. Bd3 d6 7. h4 Bf5 8.
Nxf6+ exf6 9. Be3 Bxd3 10. Qxd3 Nc6 11. h5 f5 12. d5 Ne5 13. Qb5+ Nd7 14. Nf3
a6 15. Qxb7 Rb8 16. Qxa6 Bxb2 17. Rb1 Bc3+ 18. Ke2 Rxb1 19. Rxb1 O-O 20. hxg6
hxg6 21. Qc4 Ba5 22. Rh1 Qe7 23. Qf4 Bc3 24. Rh6 Qf6 25. Qg5 Kg7 26. Qxf6+ Nxf6
27. Rh4 Re8 28. Kd3 Nxd5 29. Bd4+ Bxd4 30. Rxd4 Nb6 31. Kc3 Kf6 32. Kb3 Ra8 33.
Rd1 Na4 34. a3 Nc5+ 35. Kb2 Na4+ 36. Kb3 Nc5+ 37. Ka2 Ne4 38. Rf1 g5 39. Nd4 c5
40. Nb5 Ra5 41. Nc7 Ra7 42. Nd5+ Ke5 43. Ne3 f4 44. Nd1 Kd4 45. Kb2 Nd2 46. Rh1
Nc4+ 47. Ka2 Rxa3+ 48. Kb1 Ra8 49. Rh3 Rb8+ 50. Kc1 Ra8 51. Kb1 Rb8+ 52. Kc1
Ra8 53. Kb1 1/2-1/2